000 00554nam a2200181Ia 4500
005 20250508162150.0
008 008 250505s9999 xx 000 0 eng d
037 _aDissertations
040 _aFEDL
_beng
_cFEDL
041 _aeng
_2eng
084 _a574.07, EXA/DI
_qFEDL
245 0 _aExamination of the need for an enrichment programme in biology for talented rural youths
260 _c1979
300 _a105p.
546 _aM.Phil Dissertation, (Delhi University)
942 _cDIS
_h574.07, EXA/DI
999 _c1374769
_d1374769